000 00632nam a2200217 4500
003 OSt
005 20240705023721.0
006 a
008 240705b |||||||| |||| 00| 0 eng d
020 _a9780071262545
040 _aDWCL-HMN lib.
_cOC
082 _aCirc. 610.730711 C456u 2008
100 _aChandler, Genevieve R.
245 _aThe ultimate guide to geting into nursing school /
260 _aBoston :
_bMcGraw-Hill,
_cc2008.
300 _axv,
_b207p. ;
_c23cm.
504 _aIncludes index.
650 _a1. Nursing schools-Admission.
650 _a2. Nursing-Vocational guidance.
942 _2ddc
_n0
_cBK-CIRC
_kCirc.
999 _c2000
_d2000